000 00476nam a2200181Ia 4500
005 20250423095722.0
008 250422s9999 xx 000 0 und d
020 _a0- 534- 24924- 8
050 _aT 58.5 .L383/
100 _aLaudon, Kenneth C.
245 0 _aInformation technology : concepts and issues
260 _aMassachusetts
260 _bBoyd & Fraser Publishing Company
260 _c1994
300 _a396 p
650 _aInformation technology
942 _cBK
999 _c31123
_d31123